00394nam a2200145Ia 4500008004100000040001900041041001200060082002400072100001900096245004300115260004500158300001900203650000800222850001800230131103s9999 xx 000 0 und d aLoreto College aEnglish aMIS/HUXbLCBED/2426 aHuxley, Julian aMan in the modern WorldcJulian Huxley aNew YorkbThe New American Libraryc1951 a181p. c 20cm. aMis aLCBED/MIS/HUX